|
|
|
|
| LEADER |
00695nam a2200229 4500 |
| 001 |
DLU140165247 |
| 005 |
##20141106 |
| 040 |
# |
# |
|a DLU
|b vie
|
| 041 |
# |
# |
|a vie
|
| 044 |
# |
# |
|a vn
|
| 100 |
# |
# |
|a Nguyễn Tá Nhí,
|c PGS.TS.
|
| 245 |
# |
# |
|a Tháp Hòa Phong ở Chùa Dâu, Bắc Ninh tàng chứa Linh Nha của Đức Phật /
|c Nguyễn Tá Nhí.
|
| 773 |
# |
# |
|t Nghiên cứu Tôn giáo
|g Số 12(90), 2010, tr. 31-35
|
| 920 |
# |
# |
|a Phòng Tạp chí -- Trung tâm Thông tin - Thư viện Trường Đại học Đà Lạt
|
| 994 |
# |
# |
|a DLU
|
| 900 |
# |
# |
|a True
|
| 911 |
# |
# |
|a Hoàng Thị Huyền
|
| 925 |
# |
# |
|a G
|
| 926 |
# |
# |
|a A
|
| 927 |
# |
# |
|a BB
|
| 980 |
# |
# |
|a Thư viện Trường Đại học Đà Lạt
|